000 01192nam a22002895i 4500
001 15686
003 ES-MaACL
005 20250630032853.0
007 t|
008 000504s1992 sp ||||0| spa j
020 _a84-7793-176-3
040 _aM-BN
_bspa
_cM-BN
080 _a637.5:339.166(460.182 B.)"15"
100 1 _aHernández Esteve, Esteban.
_962932
245 1 0 _aNoticia del abastecimiento de carne en la ciudad de Burgos
_b: (1536-1537) : libro mayor del obligado de las carnicerías : trabajo presentado en The Sixth World Congress of Accounting Historians, Kyoto, 20-22 de agosto de 1992 /
_cEsteban Hernández Esteve.
260 _a[Madrid] :
_bBanco de España, Servicio de Estudios,
_c1992.
300 _a156 p. ;
_c24 cm.
490 1 _aEstudios de historia económica ;
_v23
500 _aIndice.
504 _aBibliografía: p. 147-152.
650 1 4 _aCarne-
_xComercio-
_zBurgos-
_yS.XVI.
_910788
710 2 0 _aBanco de España
_92104
711 2 _aWorld Congress of Accounting Historians (
_n6º.
_d1992.
_cKyoto)
_91125
830 0 _aEstudios de historia económica ;
_v23
_9179607
852 _aES-MaACL
_jL-22993
_bR.120851
999 _c15686
_d15686